000 00751nam a2200289Ia 4500
005 20260324131738.0
008 008 260324s9999 xx 000 0 eng d
020 _a9781315236278
037 _aEBOOK
040 _aCRL
040 _beng
040 _cCRL
041 _2eng
041 _aeng
084 _qCRL
100 _aNicolas Wyatt
_91186667
245 0 _a'There's such Divinity doth Hedge a King'
245 0 _bSelected Essays of Nicolas Wyatt on Royal Ideology in Ugaritic and Old Testament Literature
260 _bTaylor and Francis
260 _c2005
365 _a
365 _b230
856 _uhttp://www.taylorfrancis.com/books/9781315236278
942 _cEBOOK
999 _c1784125
_d1784125